000 00630nam a2200193 a 4500
001 000044536
005 20201002045438.0
008 140711s2014 dr ac 000 0 spa d
020 _z9789945080385
040 _aDO-SdBNP
_bspa
_cBNPHU
082 _axxxx
_bxxxx
100 1 _aHolguín, Mayra
_955903
245 1 0 _aNace un emprendedor /
_cMayra Holguín ; prólogo Rosa Maduro.
260 _aSanto Domingo :
_bConadex,
_c2014.
300 _a159 p. :
_bil. ;
_c22 cm.
500 _aIncluye datos biográficos de la autora en la solapa de la cubierta
504 _aBibliografía : p. 157-159
700 1 2 _aMaduro, Rosa
_epról.
_972549
999 _c44025
_d44025